000 01161nam a2200265Ia 4500
999 _c6722
_d6722
003 OSt
005 20200623131107.0
008 191128s1954 sp gr 000 0 spa d
040 _aCO-JMCR
_cCO-JMCR
041 1 _aspa
_heng
082 0 4 _a330.153 /
_bS642I
_223
100 0 4 _aSmith, Adam,
_eautor
_91565
245 1 0 _aInvestigación de la naturaleza y causas de la riqueza de las naciones /
_cpor Adam Smith ; revisión y adaptación al castellano moderno de la traducción José Añonso Ortiz ; prólogo José M. Tallada
260 _aBarcelona :
_bBosch casa editorial,
_c1954.
300 _a343 páginas ;
_c23 cm.
505 0 _aLibro I: De las causas del adelantamiento y perfección en las facultades productivas del trabajo, y del orden con que su producto se distribuye naturalmente entre las diferentes clases del pueblo
546 _aTraducido del inglés
650 1 4 _aRiqueza
_95953
650 2 4 _a Liberalismo
_95975
650 2 4 _aTeoría económica
_95976
650 2 4 _aPlanificación de la producción
_95966
700 1 _aOrtíz, José Alonso,
_etraductor
_95977
700 1 _aTallada, José M.,
_eprologuista
_95978
942 _2ddc
_cBK